000
00341nam a2200145Ia 4500
008
210716s1974 xx 000 0 und d
020
_a
0809118378
041
_a
eng
082
_a
374.22 DUNG
100
_a
Dunne, George H.
245
_a
Right to development.
260
_a
New York
_c
1974
300
_a
141
650
_a
General Knowledge
999
_c
198314
_d
198314